| 000 | 00791nam a22002057a 4500 | ||
|---|---|---|---|
| 005 | 20250429123609.0 | ||
| 010 | _aB-770160-170 BACEN25 | ||
| 020 |
_c1895.00 _a9788126936823 |
||
| 035 | _aB-770160-170 | ||
| 037 | _bAtlantic publishers | ||
| 082 | _a572.8 | ||
| 100 |
_aChaubey, mukesh kumar _980918 |
||
| 245 | 1 | 0 |
_aFundamentals of genetics / _cby mukesh kumar chaubey |
| 260 |
_aNew Delhi _bAtlantic publishers _c2025 |
||
| 270 |
_a7/22, Ansari road,Daryaganj _bNew Delhi _e110002 |
||
| 300 |
_avii,653p. _c26cm (hbk) |
||
| 500 | _aIncludes index | ||
| 942 |
_2ddc _cEN _mCHA _h572.8 |
||
| 999 |
_c209505 _d209505 |
||